Style manual for editors and writers. (Record no. 15025)

000 -LEADER
fixed length control field 00636nam a2200193 a 4500
001 - CONTROL NUMBER
control field :::00012863$&:&@@
003 - CONTROL NUMBER IDENTIFIER
control field OkBaRHE
005 - DATE AND TIME OF LATEST TRANSACTION
control field 20000607103423.0
008 - FIXED-LENGTH DATA ELEMENTS--GENERAL INFORMATION
fixed length control field j 000 0 eng u
040 ## - CATALOGING SOURCE
Transcribing agency
100 1# - MAIN ENTRY--PERSONAL NAME
Personal name Church of God Editorial Department.
245 10 - TITLE STATEMENT
Title Style manual for editors and writers.
260 ## - PUBLICATION, DISTRIBUTION, ETC. (IMPRINT)
Place of publication, distribution, etc Cleveland, TN., :
Name of publisher, distributor, etc Church of God Publishing House
Date of publication, distribution, etc nd
300 ## - PHYSICAL DESCRIPTION
Extent 121 p. ;
Dimensions 21 cm.
650 ## - SUBJECT ADDED ENTRY--TOPICAL TERM
Topical term or geographic name as entry element English Language
General subdivision Usage
650 ## - SUBJECT ADDED ENTRY--TOPICAL TERM
Topical term or geographic name as entry element Journalism
General subdivision Handbooks, Manuals, etc.
942 ## - ADDED ENTRY ELEMENTS (KOHA)
Source of classification or shelving scheme
Koha item type Books
Copies
Damaged status Date last seen Barcode Copy number Source of classification or shelving scheme Koha item type Permanent Location Not for loan Price effective from Date acquired Full call number Lost status Withdrawn status Shelving location
 2010-04-14128631 BooksRHEMA Bible Training College 2010-04-142010-04-14PE 1116 .S87  General Stacks